La libertad produce empresa privada. Discurso del Presidente de la República Dr. Oscar Arias Sánchez. 13 de noviembre de 1986 /

El documento consiste en el discurso pronunciado por el expresidente el Doctor Oscar Arias Sánchez, el 13 de noviembre de 1986, en el almuerzo de la Cámara costarricense Norteamericana de Comercio, acerca del papel que les corresponde a la empresa privada y al Estado en el desarrollo nacional.

Αποθηκεύτηκε σε:
Λεπτομέρειες βιβλιογραφικής εγγραφής
Κύριος συγγραφέας: Arias Sánchez, Oscar
Μορφή: Κείμενο
Γλώσσα:Spanish
Έκδοση: San José : Imprenta Nacional 1987
Θέματα:
Ετικέτες: Προσθήκη ετικέτας
Δεν υπάρχουν, Καταχωρήστε ετικέτα πρώτοι!

MARC

LEADER 00000 a a2200000 04500
001 22867
003 cru CIDCACS/IIS
005 20230613091917.0
008 230613e1986 cr ||||| |||| 00| 0 spa d
040 |c CRAI/IIS 
090 |a 03.03.05 A696l  
100 |a Arias Sánchez, Oscar  
245 |a La libertad produce empresa privada. Discurso del Presidente de la República Dr. Oscar Arias Sánchez. 13 de noviembre de 1986 /  |c Oscar Arias Sánchez 
260 |a San José :   |b Imprenta Nacional   |c 1987 
300 |a 14 páginas  
520 |a El documento consiste en el discurso pronunciado por el expresidente el Doctor Oscar Arias Sánchez, el 13 de noviembre de 1986, en el almuerzo de la Cámara costarricense Norteamericana de Comercio, acerca del papel que les corresponde a la empresa privada y al Estado en el desarrollo nacional. 
650 0 |9 954  |a DISCURSOS 
650 0 |9 140  |a EMPRESAS PRIVADAS 
650 0 |9 3294  |a DESARROLLO 
651 0 |9 32  |a COSTA RICA 
942 |2 ddc  |c LITG  |h 03.03.05 A696l   |i 03088  |6 030305_A696L_03088 
999 |c 10884  |d 10884